Dragons by Picture - Statistics

General Stats
  • This quiz has been taken 68 times
    54 since last reset
  • The average score is 7 of 16
Answer Stats
Picture Answer % Correct
Toothless
85%
Ender Dragon
70%
Smaug
70%
Mushu
63%
Spyro
57%
Maleficent
52%
Dragonite
50%
King Ghidorah
48%
Drogon
41%
Blue Eyes White Dragon
35%
Shenron
26%
Hungarian Horntail
24%
Saphira
24%
Falkor
22%
Haku
15%
Vermithrax Pejorative
4%
No matching quizzes found
Score Distribution
Percent of People with Each Score
Percentile by Number Answered
Your Score History
You have not taken this quiz since the last reset